| 000 | 01385cam a2200265 a 4500 | ||
|---|---|---|---|
| 003 | OSt | ||
| 005 | 20200925133409.0 | ||
| 008 | 010816s2000 ck r 001 0 spa d | ||
| 020 | _a9586164802 | ||
| 040 |
_aCO-BoPUJ _cCO-JMCR |
||
| 041 | 0 | _aspa | |
| 082 | 0 | 4 |
_a346.0438 / _bH662p _223 |
| 100 | 1 |
_aHinestrosa Forero, Fernando, _d1931-2012 _eautor _910843 |
|
| 245 | 1 | 3 |
_aLa prescripción extintiva / _cFernando Hinestrosa |
| 250 | _aPrimera edición | ||
| 260 |
_aBogotá : _bUniversidad Externado de Colombia, _c2000. |
||
| 300 |
_a281 páginas ; _c25 cm. |
||
| 504 | _aBibliografía: páginas 257-263. | ||
| 505 | 0 | _aEvolución histórica de la prescripción extintiva. --- La prescripción en los códigos. -- Derechos y acciones imprescriptibles. -- Razón de ser de la prescripción. -- Objeto de la prescripción. -- Legitimación para hacer valer la prescripción. -- Funcionamiento de la prescripción. -- "IPSO IURE" U "OPE exceptionis". -- iniciación del cómputo del tiempo. -- Suspensión. -- Interrupción. -- Renuncia. -- Clases de prescripción extintiva. -- Efectos. -- Términos. -- Alteración de los términos. -- Tendencias actuales. -- Caducidad | |
| 650 | 2 | 4 |
_aPrescripción (Derecho) _910844 |
| 650 | 2 | 4 |
_aPrescripción extintiva _910845 |
| 650 | 2 | 4 |
_aCaducidad (Derecho) _910846 |
| 710 | 2 |
_aUniversidad Externado de Colombia _98197 |
|
| 942 |
_2ddc _cBK |
||
| 999 |
_c6885 _d6885 |
||